The Eras Tour Setlist Quiz - Statistics

General Stats
  • This quiz has been taken 67 times
  • The average score is 39 of 50
Answer Stats
Hint Answer % Correct
The very first bridge of the evening Cruel summer
97%
You're making me feel so powerful... The man
97%
*heart hands* Fearless
95%
The opening song Miss americana and the Heartbreak Prince
95%
Let me see your hands You need to calm down
95%
One lucky child each night 22
92%
There's one more song I'd like to play, if you have about 10 mins to spare? All too well 10 minute
92%
Cause shes dead! look what you made me do
92%
*Phone lights* marjorie
92%
Like EVER! We are never ever getting back together
92%
What month is it? august
89%
1 2 3 lets go bitch delicate
89%
Take us to church!!! dont blame me
89%
While only one song from this era is played, she gets her moment (mainly through beautiful dresses) Enchanted
89%
Welcome to the Eras Tour Lover
89%
Baby let the games beGIN... ready for it
89%
Witches Willow
89%
Kiss me on the porch in front of all your stupid friends betty
86%
A crowd favorite, only on the Speak Now set for a short time Long live
86%
Many crowd proposals later... Love story
86%
Was retired from the Lover set during EU leg The archer
86%
Cold hard ground I knew you were trouble
84%
*clap clap* You belong with me
84%
And you wanna scream... illicit affairs
81%
*hits a car with a golf club* blank space
78%
Cheer for hours Champagne problems
78%
take HER home the 1
78%
Do you have time for one more song? Karma
76%
Overplayed until you are at the eras tour shake it off
76%
The LOUDEST WOMAN THIS TOWN HAS EVER SEEN the last great american dynasty
76%
Meridith table crawling was sadly retired during the EU leg Tolerate it
76%
Get it off your chest Lavender haze
73%
Take me HOOOOOME style
73%
No matter where you're sitting, the fire is gonna be HOT bad blood
68%
sanctimoniously performing soliloquies but daddy I love him
65%
*Outfit change* midnight rain
65%
*just* *not* *home* my tears ricochet
65%
Everyone does the actions during the bridge so high school
65%
Mother. Vigilante shit
65%
She even waves to the fans in restricted view Anti hero
62%
Lead single from the newest album fortnight
62%
Scream the bridge The smallest man who ever lived
62%
Nice! Bejeweled
59%
Showgirl's dressing room routine I can do it with a broken heart
59%
Was only on the Evermore setlist for a short time Tis the damn season
59%
But WHAT IF IT IS???! Whos afraid of little old me
59%
Crying on the roomba down bad
57%
Sings the bridge way too many times during this rendition wildest dreams
57%
Only played for like 3 shows Invisible string
54%
A chess board mastermind
54%
No matching quizzes found
Score Distribution
Percent of People with Each Score
Percentile by Number Answered
Your Score History
You have not taken this quiz